Ganadores de champions del siglo 21 - Estadísticas

Estadísticas generales
  • Esta prueba ha sido intentada 75 veces
  • La puntuación promedio es 23 de 25
Estadísticas de respuestas
Año Equipo % Correcto
2020 Bayern
100%
2021 Chelsea
100%
2023 Manchester City
100%
2024 Real Madrid
100%
2022 Real Madrid
100%
2015 Barcelona
98%
2018 Real Madrid
98%
2017 Real Madrid
98%
2016 Real Madrid
98%
2014 Real Madrid
98%
2019 Liverpool
97%
2013 Bayern
95%
2008 Manchester United
92%
2011 Barcelona
90%
2009 Barcelona
90%
2012 Chelsea
88%
2006 Barcelona
83%
2010 Inter de Milán
83%
2000 Real Madrid
82%
2007 Milán
80%
2004 Oporto
78%
2005 Liverpool
77%
2002 Real Madrid
77%
2001 Bayern
75%
2003 Milán
73%
No se encontraron pruebas coincidentes
Distribución de puntuación
Porcentaje de gente con cada puntuación
Porcentaje por número respondido
Historial de tus puntuaciones
No has intentado esta prueba.